| 000 | 00502nam a22001457a 4500 | ||
|---|---|---|---|
| 082 | _a004 | ||
| 100 | _aJohn, Suleman | ||
| 245 |
_aDesign, Development and Evaluation of EMS (Educational Management System) An E-Learning Framework / _cSuleman John |
||
| 260 |
_aIslamabad : _bMCS - NUST, _c2011. |
||
| 300 |
_a94 p. ; _c30cm. |
||
| 650 |
_aComputer Software Engineering-MS-Thesis _916105 |
||
| 700 |
_aDr. Fahim Arif _920941 |
||
| 942 |
_2ddc _cTHE |
||
| 999 |
_c541036 _d541036 |
||